แสดงรายละเอียดบรรณานุกรม
  กลับหน้าหลัก

Brief Record : Get Marc (ISO 2709) : E-mail record : QR code ปิดหน้าต่าง
คู่มือการวิเคราะห์ข้อสอบพยาบาลและการผดุงครรภ์ Review โดย
ใช้งานได้ทุกระบบ
ห้องสมุด วพบ.ขอนแก่น
ใช้งานได้ทุกระบบ เมื่อ11/สิงหาคม/2559
สารบัญ
  • ข้อสอบเสมือนวิชาการผดุงครรภ์และการพยาบาลมารดาและทารก
  • ข้อสอบเสมือนวิชาการพยาบาลเด็กและวัยรุ่น
  • ข้อสอบเสมือนวิชาการพยาบาลผู้ใหญ่
  • ข้อสอบเสมือนวิชาการพยาบาลผู้สูงอายุ
  • ข้อสอบเสมือนวิชาการพยาบาลอนามัยชุมชน
  • ข้อสอบเสมือนวิชาการพยาบาลสุขภาพจิตและจิตเวช
  • ข้อสอบเสมือนวิชาการสอบกฎหมายและจรรยาบรรณวิชาชีพ

E-books : เกี่ยวกับ Collections
LEADER 00000nam 2200000uu 4500
001    211041
003     ULIBM
008    020711s2558 th a 000 0 tha d
020    9786163820372
041    ^atha
060    WY100 ช358ค 2558
100    ชัชวาล วงศ์สารี
245    คู่มือการวิเคราะห์ข้อสอบพยาบาลและการผดุงครรภ์/ชัชวาล วงค์สารี
250    พิมพ์ครั้งที่ 1
260    กาญจนบุรี :^bคณะพยาบาลศาสตร์ มหาวิทยาลัยเวสเทริน์,^c2558
300    608 หน้า :^bภาพประกอบ ;^c21 ซม.
650  4 การพยาบาล^xข้อสอบและเฉลย
650  4 ^aการพยาบาล^xคู่มือสอบ
710 2  ^aมหาวิทยาลัยเวสเทริน์. คณะพยาบาลศาสตร์
999    ^aใช้งานได้ทุกระบบ
รายการนี้ยังไม่มีแท็ก
คุณยังไม่ได้ล็อกอิน คุณสามารถมีกิจกรรมร่วมกับเว็บไซต์ได้ แต่ต้องล็อกอินก่อน ::
  ล็อกอิน
ลำดับที่ ประเภท เลขเรียก สถานที่ สถานะ
1. หนังสือทั่วไป
หนังสือทั่วไป
WY100 ช358ค 2558 ฉ.1 
  
หนังสือทั่วไป On Shelf
  ขอยืม
Note:งบประมาณปี2559
2. หนังสือทั่วไป
หนังสือทั่วไป
WY100 ช358ค 2558 ฉ.6 
  
หนังสือทั่วไป On Shelf
  ขอยืม
Note:งบประมาณปี2559
3. หนังสือทั่วไป
หนังสือทั่วไป
WY100 ช358ค 2558 ฉ.13 
  
หนังสือทั่วไป On Shelf
  ขอยืม
Note:จัดซื้อปีงบประมาณ 2564
4. หนังสือทั่วไป
หนังสือทั่วไป
WY100 ช358ค 2558 ฉ.2 
  
หนังสือทั่วไป On Shelf
  ขอยืม
Note:งบประมาณปี2559
5. หนังสือทั่วไป
หนังสือทั่วไป
WY100 ช358ค 2558 ฉ.3 
  
หนังสือทั่วไป On Shelf
  ขอยืม
Note:งบประมาณปี2559
6. หนังสือทั่วไป
หนังสือทั่วไป
WY100 ช358ค 2558 ฉ.4 
  
หนังสือทั่วไป ถูกยืม กำหนดส่งวันที่ 12 เมษายน 2569
  จอง
Note:งบประมาณปี2559
7. หนังสือทั่วไป
หนังสือทั่วไป
WY100 ช358ค 2558 ฉ.5 
  
หนังสือทั่วไป On Shelf
  ขอยืม
Note:งบประมาณปี2559
8. หนังสือทั่วไป
หนังสือทั่วไป
WY100 ช358ค 2558 ฉ.7 
  
หนังสือทั่วไป On Shelf
  ขอยืม
Note:งบประมาณปี2559
9. หนังสือทั่วไป
หนังสือทั่วไป
WY100 ช358ค 2558 ฉ.8 
  
หนังสือทั่วไป On Shelf
  ขอยืม
Note:งบประมาณปี2559
10. หนังสือทั่วไป
หนังสือทั่วไป
WY100 ช358ค 2558 ฉ.9 
  
หนังสือทั่วไป On Shelf
  ขอยืม
Note:งบประมาณปี2559
11. หนังสือทั่วไป
หนังสือทั่วไป
WY100 ช358ค 2558 ฉ.10 
  
หนังสือทั่วไป On Shelf
  ขอยืม
Note:งบประมาณปี2559
12. หนังสือทั่วไป
หนังสือทั่วไป
WY100 ช358ค 2558 ฉ.11 
  
หนังสือทั่วไป On Shelf
  ขอยืม
Note:งบประมาณปี2559
  1 2 [2]   [แสดง 12/13 รายการ]

รายการใกล้เคียง
    หัวเรื่อง [การพยาบาล ข้อสอบและเฉลย]

BibComment


ยังไม่เคยถูกคอมเมนท์

คอมเมนท์ทรัพยากรรายการนี้
  คอมเมนท์: คู่มือการวิเคราะห..
Bib 211041

 
 
 

 Union Library Management : ULibM
Copyright 2026. All Rights Reserved.
скачать бесплатно без регистрации порно красивый секс HD Sex Hindi sex

xxx gou

xxxx

bfxxx

xxxwww

Секса Видео

xxxx

Секса Видео

detube

geilexxx

C99 Shell

worms shell

blod xxx video
Ebony Coed Rihanna Rimes Takes A Dick In Her Young Twat priyaa indian fuck anal and pusssy hardcore indian women xxx desi hardcore fucking part 1 bengalixxxcouple